History Quiz

Random History or Clickable Quiz
Score 0/20 Timer 04:00
1 Play Today
% Correct
Amelia Earhart
94.3%
Albert Einstein
92.6%
Dwight Eisenhower
92.4%
Clint Eastwood
92.2%
Duke Ellington
87.9%
Wyatt Earp
87.9%
Thomas Edison
86.7%
George Eastman
79%
T.S. Eliot
76.6%
Dale Earnhardt
76.2%
% Correct
Ralph Waldo Emerson
76%
Rahm Emanuel
70.5%
Gertrude Ederle
67.3%
Medgar Evers
65.8%
John Ehrlichman
64.3%
Jonathan Edwards
57.4%
Mary Baker Eddy
46.9%
Frank Epperson
46.4%
Olaudah Equiano
46.1%
Keith Ellison
32.3%
Remove Ads.
Support Sporcle.
Get the best of Sporcle when you Go Orange. This ad-free experience offers more features, more stats, and more fun while also helping to support Sporcle. Thank you for becoming a member.

You're not logged in!

Compare scores with friends on all Sporcle quizzes.
OR
Log In

Sporcle TV

Today on Sporcle TV


Watch our educational content, quiz creation guides, and fun videos on Sporcle TV.

Show Comments

Extras

Top Quizzes Today


Score Distribution

Paid Content

Your Account Isn't Verified!

In order to create a playlist on Sporcle, you need to verify the email address you used during registration. Go to your Sporcle Settings to finish the process.

Report this User

Report this user for behavior that violates our Community Guidelines.

Details: